Congenital malformations : (Record no. 9511)
[ view plain ]
| 000 -LEADER | |
|---|---|
| fixed length control field | 00811cam a22002412 4500 |
| 001 - CONTROL NUMBER | |
| control field | 0000020806 |
| 005 - DATE AND TIME OF LATEST TRANSACTION | |
| control field | 20151217152222.0 |
| 008 - FIXED-LENGTH DATA ELEMENTS--GENERAL INFORMATION | |
| fixed length control field | 111018s xx 000 0 eng d |
| 020 ## - INTERNATIONAL STANDARD BOOK NUMBER | |
| International Standard Book Number | 0071471893 : |
| 040 ## - CATALOGING SOURCE | |
| Original cataloging agency | KABU |
| Transcribing agency | KABU |
| 245 10 - TITLE STATEMENT | |
| Title | Congenital malformations : |
| Remainder of title | evidence-based evaluation and management / |
| Statement of responsibility, etc. | editors, Praveen Kumar, Barbara K. Burton. |
| 250 ## - EDITION STATEMENT | |
| Edition statement | 1st ed. |
| 260 ## - PUBLICATION, DISTRIBUTION, ETC. (IMPRINT) | |
| Place of publication, distribution, etc. | New York : |
| Name of publisher, distributor, etc. | McGraw-Hill, |
| Date of publication, distribution, etc. | 2008. |
| 300 ## - PHYSICAL DESCRIPTION | |
| Extent | xv, 390 p. |
| 650 #0 - SUBJECT ADDED ENTRY--TOPICAL TERM | |
| Topical term or geographic name as entry element | Abnormalities, human |
| General subdivision | Diagnosis. |
| -- | 0000181423 |
| 650 #0 - SUBJECT ADDED ENTRY--TOPICAL TERM | |
| Topical term or geographic name as entry element | Abnormalities, human |
| General subdivision | Treatment. |
| -- | 0000181424 |
| 650 #0 - SUBJECT ADDED ENTRY--TOPICAL TERM | |
| Topical term or geographic name as entry element | Evidence-based |
| General subdivision | diagnosis. |
| -- | 0000181425 |
| 700 1# - ADDED ENTRY--PERSONAL NAME | |
| Personal name | Kumar, Praveen. |
| -- | 0000181426 |
| 700 1# - ADDED ENTRY--PERSONAL NAME | |
| Personal name | Burton, Barbara K. |
| -- | 0000181427 |
| 908 ## - PUT COMMAND PARAMETER (RLIN) | |
| Put command parameter | 111018 |
| 950 ## - LOCAL HOLDINGS (RLIN) | |
| -- | 1 |
| Withdrawn status | Lost status | Source of classification or shelving scheme | Not for loan | Home library | Current library | Date acquired | Total Checkouts | Full call number | Barcode | Date last seen | Date last checked out | Price effective from | Koha item type |
|---|---|---|---|---|---|---|---|---|---|---|---|---|---|
| Library of Congress Classification | Kabarak, Main Campus | Kabarak, Main Campus | 17/12/2015 | 1 | RG626 .C66 2008 c.1 | 19488 | 21/06/2017 | 03/06/2017 | 17/12/2015 | General Collection |